Actas IV encuentro de profesores de espaňol de Eslovaquia, Bratislava, 22, 23 y 24 de noviembre de 1999

Salvato in:
Dettagli Bibliografici
Natura: Libro
Lingua:spagnolo
Pubblicazione: Bratislava Embajada de Espaňa en Eslovaqia 2000
Soggetti:
Tags: Aggiungi Tag
Nessun Tag, puoi essere il primo ad aggiungerne!!

MARC

LEADER 00000nam a2200000 4500
001 c131969
005 20221123132502.8
020 |a 80-968234-1-8 
041 0 |a spa 
044 |a SK 
245 1 0 |a Actas  |b IV encuentro de profesores de espaňol de Eslovaquia, Bratislava, 22, 23 y 24 de noviembre de 1999 
264 1 |a Bratislava  |b Embajada de Espaňa en Eslovaqia  |c 2000 
300 |a 207 s. 
610 2 0 |a jazykoveda 
610 2 0 |a jazyky cudzie 
610 2 0 |a španielčina